THE CHURCHES AND MONASTERIES OF EGYPT AND NEIGHBOURING COUNTRIES ( VAL 44 ) / (Record no. 16119)
[ view plain ]
| 000 -الفاتح | |
|---|---|
| حقل البيانات ثابتة الطول | 00661nam a2200217Ia 4500 |
| 008 - عناصر البيانات ثابتة الطول - معلومات عامة | |
| حقل البيانات ثابتة الطول | 140319s9999 xx 000 0 eng d |
| 040 ## - مصدر الفهرسة | |
| وكالة الفهرسة الأصلية | GCL / |
| وكالة النسخ | GCL |
| 082 04 - رقم تصنيف ديوى العشرى | |
| رقم التصنيف | CC |
| رقم المادة | 916.2 |
| -- | M C |
| 100 1# - المدخل الرئيسى - إسم شخصى | |
| الإسم الشخصى | M.A, B.T AL- VETTS |
| 245 10 - بيان العنوان | |
| العنوان | THE CHURCHES AND MONASTERIES OF EGYPT AND NEIGHBOURING COUNTRIES ( VAL 44 ) / |
| بيان المسئوليه,etc | M.A, B.T AL- VETTS |
| 700 1# - المدخل الاضافى - اسم شخصى | |
| الإسم الشخصى | E.S.A, ALFRED J BULLER |
| 700 1# - المدخل الاضافى - اسم شخصى | |
| الإسم الشخصى | AL-ARMANI, ALI SALEH |
| 260 ## - PUBLICATION, DISTRIBUTION, ETC. (IMPRINT) | |
| تاريخ النشر أو التوزيع | 1995 |
| 300 ## - الوصف المادى | |
| التعداد | 382 P |
| 650 04 - المدخل الاضافى بالموضوع-مصطلح موضوعى | |
| مصطلح موضوعي | MONASTERIES - EGYPT |
| 650 04 - المدخل الاضافى بالموضوع-مصطلح موضوعى | |
| مصطلح موضوعي | GEOGRAPHY |
| 650 04 - المدخل الاضافى بالموضوع-مصطلح موضوعى | |
| مصطلح موضوعي | GEOGRAPHY - EGYPT |
| 650 04 - المدخل الاضافى بالموضوع-مصطلح موضوعى | |
| مصطلح موضوعي | CHURCHES - EGYPT |
| 942 ## - عناصر المدخل الإضافي( كوها) | |
| مصدر التصنيف او مخطط الترفيف | Dewey Decimal Classification |
| Koha [default] item type | كتاب |
| 260 ## - PUBLICATION, DISTRIBUTION, ETC. (IMPRINT) | |
| -- | [S.N] : |
| -- | INSTITUTE FOR HISTORY OF ARABIC ISLAMIC ، |
| حالة التراجع | حالة الفقد | حالة تلف | ليس للاعارة | المكان المؤقت | الموقع الحالى | تاريخ الاكتساب | اجمالي اﻻعارات | رقم الطلب | الباركود | تاريخ اخر مشاهدة | تاريخ تفعيل السعر | نوع وعاء كوها |
|---|---|---|---|---|---|---|---|---|---|---|---|---|
| مكتبة القاهرة الكبرى | مكتبة القاهرة الكبرى | 03/26/2014 | CC\916.2\M C | 29459 | 03/26/2014 | 03/26/2014 | كتاب | |||||
| مكتبة القاهرة الكبرى | مكتبة القاهرة الكبرى | 03/26/2014 | CC\916.2\M C | 29460 | 03/26/2014 | 03/26/2014 | كتاب |

